Anglicko-slovenský slovník : Zväzok 5 /

Salvato in:
Dettagli Bibliografici
Autore principale: Mojto, Ľubomír (Autore)
Natura: Libro
Lingua:multilingua
Pubblicazione: Bratislava : Alfa, 1973
Edizione:1.vyd.
Tags: Aggiungi Tag
Nessun Tag, puoi essere il primo ad aggiungerne!!

MARC

LEADER 00000nam a22000003a 4500
001 stu9770
005 20150617225805.2
008 970512s1973----cs------------------mul-d
040 |a STU  |b slo 
041 0 |a mul 
044 |a cs 
080 |a 802.0(075) 
080 |a 801.323.2=20=854 
100 1 |a Mojto, Ľubomír  |4 aut 
245 1 |a Anglicko-slovenský slovník :  |b Zväzok 5 /  |c [aut.] Mojto,Ňubomír 
250 |a 1.vyd. 
260 |a Bratislava :  |b Alfa,  |c 1973 
300 |a 317 s 
996 |b E32227  |c E*32227  |l EE05  |s P  |a 0  |w stu9770_0002